අපට වින කරන ආක්‍ර‍මණශීලි ආගන්තුක ශාක

Saved in:
Bibliographic Details
Main Author: උපාලි ජේ. ඩයස්
Format: Book
Language:Sinhalese
Published: කොළඹ : ඇස්. ගොඩගේ, 2019.
Subjects:
Tags: Add Tag
No Tags, Be the first to tag this record!

MARC

LEADER 00000nam a22000007a 4500
008 260114b |||||||| |||| 00| 0 sin d
020 |a 9786240001618 
082 |b sin 
100 |a උපාලි ජේ. ඩයස්. 
245 |a අපට වින කරන ආක්‍ර‍මණශීලි ආගන්තුක ශාක 
246 |a Apata vina karana akramanashili aganthuka shaka 
260 |a  කොළඹ :   |b  ඇස්. ගොඩගේ,   |c  2019. 
300 |a  පි. 127 :  |c සෙමී. 21 
650 |a ශාක 
942 |c REF 
999 |c 32599  |d 32599